Potenciál rozvoja kultúrneho cestovného ruchu v Gemerskom regióne bakalárska práca

Na minha lista:
Detalhes bibliográficos
Autor principal: Buriak, Jaroslav
Autor Corporativo: Obchodná fakulta EU. Katedra služieb a cestovného ruchu - zrušené
Outros Autores: Bažó, Ladislav, 1980-
Formato: Livro
Idioma:eslovaco
Publicado em: Bratislava 2012
Tags: Adicionar Tag
Sem tags, seja o primeiro a adicionar uma tag!

MARC

LEADER 00000nbm a2200000 4500
001 0154398
005 20220715090409.8
041 0 |a slo 
044 |a SK 
245 1 0 |a Potenciál rozvoja kultúrneho cestovného ruchu v Gemerskom regióne  |b bakalárska práca  |c Jaroslav Buriak ; školiteľ: Ladislav Bažó 
264 1 |a Bratislava  |c 2012 
300 |a 45 s. 
100 1 |a Buriak, Jaroslav 
700 1 |a Bažó, Ladislav, 1980- 
710 2 |a Obchodná fakulta EU. Katedra služieb a cestovného ruchu - zrušené